书目信息 |
| 题名: |
基于单片机的测试技术原理与应用
|
|
| 作者: | 陈步月 著 | |
| 分册: | ||
| 出版信息: | 北京 机械工业出版社 2007.03 |
|
| 页数: | 262页 | |
| 开本: | 24cm | |
| 丛书名: | ||
| 单 册: | ||
| 中图分类: | TP326.8 | |
| 科图分类: | ||
| 主题词: | 单片微型计算机--dan pian wei xing ji suan ji--测试技术 | |
| 电子资源: | ||
| ISBN: | 978-7-111-20762-7 | |
| 000 | 00821nam0 2200229 450 | |
| 001 | 012007229791 | |
| 005 | 20070927104320.87 | |
| 010 | @a978-7-111-20762-7@dCNY26.00 | |
| 100 | @a20070815d2007 km y0chiy0120 ea | |
| 101 | 0 | @achi |
| 102 | @aCN@b110000 | |
| 105 | @aak a 000yy | |
| 200 | 1 | @a基于单片机的测试技术原理与应用@Aji yu dan pian ji de ce shi ji shu yuan li yu ying yong@f陈步月著@Fchen bu yue zhu |
| 210 | @a北京@c机械工业出版社@d2007.03 | |
| 215 | @a262页@c图@d24cm | |
| 320 | @a有书目。 | |
| 330 | @a本书以MCS-51单片机为例,从实际应用的角度出发介绍单片机在测试领域中的应用,全书的内容包括单片机原理、单片机测试技术等。 | |
| 606 | 0 | @a单片微型计算机@Adan pian wei xing ji suan ji@x测试技术 |
| 690 | @aTP326.8@v4 | |
| 701 | 0 | @a陈步月@Achen bu yue@4著 |
| 801 | 0 | @aCN@c20070927 |
| 905 | @dTP326.8@eC378 | |
| 基于单片机的测试技术原理与应用/陈步月著.-北京:机械工业出版社,2007.03 |
| 262页:图;24cm |
| ISBN 978-7-111-20762-7:CNY26.00 |
| 本书以MCS-51单片机为例,从实际应用的角度出发介绍单片机在测试领域中的应用,全书的内容包括单片机原理、单片机测试技术等。 |
| ● |
| 相关链接 |
|
|
|
正题名:基于单片机的测试技术原理与应用
索取号:TP326.8/C378
 
预约/预借
| 序号 | 登录号 | 条形码 | 馆藏地/架位号 | 状态 | 备注 |
| 1 | 245782 | 202457821 | 自科库301/301自科库 84排2列4层/ [索取号:TP326.8/C378] | 在馆 | |
| 2 | 245783 | 202457830 | 自科库301/301自科库 60排5列2层/ [索取号:TP326.8/C378] | 在馆 | |
| 3 | 245784 | 202457849 | 自科库301/301自科库 60排5列2层/ [索取号:TP326.8/C378] | 在馆 |